Pathology of tropical and etraordinary diseases; Vol.1

Đã lưu trong:
Sonraí Bibleagrafaíochta
Príomhúdar: Chapman H Binford
Formáid: Leabhar
Teanga:Undetermined
Foilsithe: Washington Armed Forces Institute of Pathology 1976
Ábhair:
Clibeanna: Cuir Clib Leis
Gan Chlibeanna, Bí ar an gcéad duine leis an taifead seo a chlibeáil!
Thư viện lưu trữ: Trung tâm Học liệu Trường Đại học Cần Thơ
LEADER 00592nam a2200181Ia 4500
001 CTU_8492
008 210402s9999 xx 000 0 und d
082 |a 616.9883 
082 |b B612/T1 
100 |a Chapman H Binford 
245 0 |a Pathology of tropical and etraordinary diseases; Vol.1 
245 0 |c Chapman H Binford, Daniel H Connor 
260 |a Washington 
260 |b Armed Forces Institute of Pathology 
260 |c 1976 
650 |a pathology,tropics - diseases and hygiene 
904 |i Nguyễn Huỳnh Mai, 960913 
980 |a Trung tâm Học liệu Trường Đại học Cần Thơ